Регионална библиотека "Любен Каравелов" - Русе

Основи на финансите на фирмата (Запис номер 19405)

MARC детайли
000 -Лидер
Контролно поле с фиксирана дължина 01761nam a2200373 c 4500
003 - Код на организацията, давaща контролен номер
Контролно поле BLK
005 - Дата и час на последна редакция
Контролно поле 20180420215448.0
008 - Елементи от данни с фиксирана дължина
fixed length control field 180413b bul|||||r ||||||| ||bul||
010 ## - Наследен системен номер
LC control number KNG00021531000
020 ## - Международен стандартен номер на книга ISBN
Международен стандартен номер на книга ISBN 954-494-282-3
-- издат.: Унив. изд. Стопанство
040 ## - Източник на каталожния запис
Идентификатор на билиотеката - собственик на записа BLK
041 ## - Код за език
Код за езика на текст/звукозапис или на отделно заглавие Български
Код за езика КДБФ Български
080 ## - УДК
Текстов определител УДК Форми на предприятията в зависимост от отношението към собствеността...
УДК код - определител по УДК 334.72
УДК определител .003.2(075.8)
УДК - код + определител 334.72.003.2(075.8)
080 ## - УДК
Текстов определител УДК Финанси на стопанските организации (вкл. финансиране и управление на финансите). Финанси на стопанския сектор
УДК код - определител по УДК 336.6
УДК определител (075.8)
УДК - код + определител 336.6(075.8)
100 1# - Редна дума - Автор
Автор Петров, Георги Атанасов
Авторска отговорност първи автор
R(LIN) 249960
139 ## - Редно поле
Редна дума Петров, Георги Атанасов
Авторски знак Петро - П 47
245 10 - Сведения за заглавието
Заглавие Основи на финансите на фирмата
Редно поле (дума) Георги Атанасов Петров.
250 ## - Област на изданието
Сведения за изданието 3. изд
257 ## - Страна на издаване
Страна на създаване/издаване България
260 ## - Област на издателските данни
-- София
Име на издателя, разпространителя и проч. Унив. изд. Стопанство
Година на издаване 1997
300 ## - Физическа характеристика
Страници 188 с.
Илюстрации и др. с табл., диагр.
Размери/Мащаб 24 см
380 ## - Жанр
Жанр Обществени науки
500 ## - Общи забележки
Забележка 1. изд. 1995 на изд. Труд и право. - Изд. на УНСС - София ; 1 000 тир
650 #4 - Допълнително описание по предмет – тема
Основно описание – тема или топоним Фирми - финанси - управление
9 (RLIN) 249961
650 #4 - Допълнително описание по предмет – тема
Основно описание – тема или топоним Управление - финансова дейност - фирми
9 (RLIN) 244592
653 ## - Ключова дума – ненормативна
Ключова дума финанси
653 ## - Ключова дума – ненормативна
Ключова дума инвестиции
653 ## - Ключова дума – ненормативна
Ключова дума бюджет
852 ## - Местоположение
Форматна сигнатура Цб 196363
856 4# - Електронен адрес и достъп
Електронен формат pdf - файл
Път до файла /url/
856 4# - Електронен адрес и достъп
Електронен формат pdf - файл
Път до файла /url/
942 ## - АРТИКУЛИ
Вид на библиотечния материал Книги
Скрит в OPAC Не
944 ## - СЪЗДАВАНЕ И РЕДАКЦИЯ на ЗАПИСА
Създаване/Редакция Създаване
Дата на регистрацията/редакция 10.04.2003
Служител, извършил регистрацията/редакцията Геновева_Генчева
944 ## - СЪЗДАВАНЕ И РЕДАКЦИЯ на ЗАПИСА
Създаване/Редакция Редакция
Дата на регистрацията/редакция 27.09.2006
Служител, извършил регистрацията/редакцията
999 ## - СИСТЕМНИ КОНТРОЛНИ НОМЕРА
Koha biblionumber 19405
Koha biblioitemnumber 19405
Наличности
Код за отписване Код за изгубен артикул Източник на класификационната схема Код за повреда Коз за рестрикции Код за отдаване Артикулен № Име на библиотеката - собственик Име на библиотеката, в която се намира в момента Статус (Текущо местоположение) Дата на вписване в системата Местоположение - отдел Цена в лева Инвентарен номер Систематично азбучна сигнатура Баркод Номер на екземпляра Цена в евро Служебна бележка Служебен тип на артикула
  Не е изгубен Universal Decimal Classification Не е повреден без рестрикции ползва се в читалня 32350 Регионална библиотека "Любен Каравелов" Русе Регионална библиотека "Любен Каравелов" Русе Хранилище 2001-01-01 Хранилище 0.00 639647 Цб 196363 120000639647 1 0.00 Дост: Dp Вид: Д N: 13 Дата: 01.01.1997 Книги
  Не е изгубен Universal Decimal Classification Не е повреден без рестрикции заемане за дома 32351 Регионална библиотека "Любен Каравелов" Русе Регионална библиотека "Любен Каравелов" Русе Заемна - подръчен фонд 2001-01-01 Заемна - подръчен фонд 4.90 634996 П 334.7/П 47 120000634996 2 2.51 Дост: Pk Вид: Ф N: стар фонд Дата: 01.01.1997 Дата инв: 06.02.2018 Бележки инв: П2018 Книги
Изтеглен Не е изгубен Universal Decimal Classification Не е повреден без рестрикции заемане за дома 32352 Регионална библиотека "Любен Каравелов" Русе Регионална библиотека "Любен Каравелов" Русе Заемна - подръчен фонд 2001-01-01 Заемна - подръчен фонд 0.00 634997 П 334.7/П 47 634997 3 0.00 Дост: Pk Вид: Ф N: стар фонд Дата: 01.01.1997 Дата инв: 06.02.2018 Бележки инв: П2018 Книги
Vip Innovations Ltd, Rousse, Bulgaria 2025